Paulo Freire e a agenda da educaçâo Latino - Americana no século XXI /

Αποθηκεύτηκε σε:
Λεπτομέρειες βιβλιογραφικής εγγραφής
Κύριος συγγραφέας: Torres, Carlos Alberto
Συλλογικό Έργο: CLACSO, Agencia Sueca de Desenvolvimiento Internacional ASDI
Άλλοι συγγραφείς: org
Μορφή: Κείμενο
Έκδοση: Buenos Aires: CLACSO
Ετικέτες: Προσθήκη ετικέτας
Δεν υπάρχουν, Καταχωρήστε ετικέτα πρώτοι!

MARC

LEADER 00000 a a2200000 04500
001 26734
003
040
020 |a 950-9231-63-0  
090 |a 149604  
100 |a Torres, Carlos Alberto  
110 |a CLACSO  
245 |a Paulo Freire e a agenda da educaçâo Latino - Americana no século XXI /  |c CLACSO  
260 |a Buenos Aires:   |b CLACSO  
300 |a 358 p  
500 |a Disponible en Cd, en No. 194116  
700 |a org  
710 |a Agencia Sueca de Desenvolvimiento Internacional   |a ASDI  
999 |c 13295  |d 13295